Valtiot joissa on Hesburger - Statistics

Yleistilastot
  • Tätä visaa on pelattu 155 kertaa
    79 viimeisimmän päivityksen jälkeen
  • Keskiarvotulos 11 / 14
Vastaustilastot
Manner Valtio Avoinna Ravintoloita % Oikein
Eurooppa Suomi 1980- 272
100%
Eurooppa Viro 1996- 50
100%
Eurooppa Latvia 2004- 51
98%
Eurooppa Liettua 2007- 59
98%
Eurooppa Venäjä 2010-2022 39
98%
Eurooppa Saksa 1995- 2
91%
Eurooppa Puola 2024- 1
85%
Eurooppa Ukraina 2015- 7
75%
Eurooppa Valko-Venäjä 2017-2022 19
74%
Aasia Turkki 2014-2015 1
65%
Eurooppa Bulgaria 2016- 28
60%
Aasia Iran 2018-2018 1
38%
Aasia Kazakstan 2014-2015 1
38%
Aasia Syyria 2004-2006 1
32%
Ehtoja vastaavia visoja ei löytynyt
Tulosjakauma
Jokaisen tuloksen saaneiden osuus
Persentiili vastausten määrän mukaan
Tuloshistoriasi
Et ole pelannut tätä visaa sen viimeisimmän päivityksen jälkeen